Teoría de Galois /

Uloženo v:
Podrobná bibliografie
Hlavní autor: Zaldívar, Felipe (autor)
Médium: Kniha
Jazyk:španělština
Vydáno: Barcelona, España : México : Anthropos ; UAM Iztapalapa, División de Ciencias Básicas e Ingeniería, 1996, c1996
Edice:(Ciencia y Matemática Contemporáneas ; 3)
Témata:
Tagy: Přidat tag
Žádné tagy, Buďte první, kdo vytvoří štítek k tomuto záznamu!

MARC

LEADER 00000nam^a2200000^a^4500
001 000133843
005 20250521000000.0
009 20260310095146.843
020 |a 84-7658-502-0 
037 |a Acervo ITESO - Biblioteca 
041 |a ESP 
082 |a 512. 3  |b ZAL 
100 |a Zaldívar, Felipe  |e (autor) 
245 1 0 |a Teoría de Galois /  |c F. Zaldívar. 
264 4 |a Barcelona, España :  |b Anthropos ;  |a México :  |b UAM Iztapalapa, División de Ciencias Básicas e Ingeniería,  |c 1996, c1996 
300 |a X, 188 p. 
336 |a texto  |b txt  |2 rdacontenido 
337 |a sin mediación  |b n  |2 rdamedio 
338 |a volumen  |b nc  |2 rdasoporte 
440 1 |a (Ciencia y Matemática Contemporáneas ;  |v 3) 
649 |a XX 
650 |a Galois -  |x Teoría -  |x Tema Principal 
650 |a Ecuaciones -  |x Teoría 
650 |a Grupos -  |x Teoría 
650 |a Algebra 
650 |a Matemáticas 
910 |a Fondo General 
920 |a Impresos - Libros 
930 |a Colección General 
905 |a 101 
901 |a 0500063040  |b IT1  |c ACC  |u 20250521 
901 |a 0500066311  |b IT1  |c ACC  |u 20250521 
902 |a https://opac.biblio.iteso.mx/vufind/Record/000133843